Developments in plantation crops research: Placrosym XII, 27-29 November 1996, Kottayam, India. (Record no. 52667)

MARC details
000 -LEADER
fixed length control field 00489nam a2200157Ia 4500
100 ## - MAIN ENTRY--AUTHOR NAME
Personal name Mathew N.M.
245 #0 - TITLE STATEMENT
Title Developments in plantation crops research: Placrosym XII, 27-29 November 1996, Kottayam, India.
260 ## - PUBLICATION, DISTRIBUTION, ETC. (IMPRINT)
Name of publisher Allied Publishers, New Delhi, India, 343 p.
Year of publication 1998
650 ## - SUBJECT ADDED ENTRY--TOPICAL TERM
Topical Term Crop improvement
650 ## - SUBJECT ADDED ENTRY--TOPICAL TERM
Topical Term Crop management
650 ## - SUBJECT ADDED ENTRY--TOPICAL TERM
Topical Term Crop processing
650 ## - SUBJECT ADDED ENTRY--TOPICAL TERM
Topical Term Plantation crop
700 ## - ADDED ENTRY--PERSONAL NAME
Personal name Jacob C.K.
942 ## - ADDED ENTRY ELEMENTS (KOHA)
Koha item type Bibliography STAF
Holdings
Withdrawn status Lost status Damaged status Not for loan Home library Current library Date acquired Koha item type
      Bibliography RRII Library RRII Library 09/04/2014 Bibliography STAF